The Standard Hand Book for Aeronautical and Astronautical Engineers (Record no. 246148)

MARC details
000 -LEADER
fixed length control field 00474nam a2200169Ia 4500
008 - FIXED-LENGTH DATA ELEMENTS--GENERAL INFORMATION
fixed length control field 240913s9999||||xx |||||||||||||| ||und||
020 ## - INTERNATIONAL STANDARD BOOK NUMBER
International Standard Book Number 978-0-07-107705-7
082 ## - DEWEY DECIMAL CLASSIFICATION NUMBER
-- 629.1 Q0
100 ## - MAIN ENTRY--PERSONAL NAME
Personal name Mark davies
245 #4 - TITLE STATEMENT
Title The Standard Hand Book for Aeronautical and Astronautical Engineers
260 ## - PUBLICATION, DISTRIBUTION, ETC. (IMPRINT)
Date of publication, distribution, etc 2010
Name of publisher, distributor, etc Tata Mcgraw Hill,New
500 ## - GENERAL NOTE
General note REFERENCE
650 ## - SUBJECT ADDED ENTRY--TOPICAL TERM
Topical term or geographic name as entry element Aeronatical
942 ## - ADDED ENTRY ELEMENTS (KOHA)
Item type Reference
Holdings
Withdrawn status Lost status Damaged status Permanent location Current location Shelving location Date acquired Source of acquisition Cost, normal purchase price Full call number Barcode Date last seen Koha item type
      CENTRAL LIBRARY, NOORUL ISLAM CENTRE FOR HIGHER EDUCATION CENTRAL LIBRARY, NOORUL ISLAM CENTRE FOR HIGHER EDUCATION   05/16/2014 Current Book House 1792.00 629.1 Q0 55382 09/13/2024 Reference
Visitors:
Copyright © 2024 Central Library NICHE.  All rights reserved.